[Event "Open International d'Ambès 2010"]
[Site "Ambes"]
[Date "2010.??.??"]
[Round "?"]
[White "Teyssier, Jean Paul"]
[Black "Locatelli, Claude"]
[Result "0-1"]
[WhiteElo "1724"]
[BlackElo "1617"]
[PlyCount "80"]
[EventDate "2010.04.??"]
[EventType "swiss"]
[EventRounds "9"]
[EventCountry "FRA"]
[WhiteTeamCountry "FRA"]
[BlackTeamCountry "FRA"]

1. e4 e6 2. d3 d5 3. Qe2 d4 4. e5 c5 5. g3 Ne7 6. f4 Nbc6 7. Bg2 Qc7 8. Nd2 Nf5
9. Ne4 Be7 10. Nh3 b6 11. Nhg5 Nh6 12. Qh5 Bf8 13. O-O Rb8 14. Nd6+ Bxd6 15.
exd6 Qxd6 16. f5 O-O 17. f6 e5 18. fxg7 Kxg7 19. Ne4 Qg6 20. Qxg6+ hxg6 21. Nd6
Ne7 22. Bxh6+ Kxh6 23. Nxf7+ Kg7 24. Nxe5 Be6 25. Rae1 Rxf1+ 26. Rxf1 Rf8 27.
Re1 Re8 28. Nc4 Bxc4 29. dxc4 Kf7 30. Kf2 Nf5 31. Be4 Kg7 32. Bxf5 Rxe1 33.
Kxe1 gxf5 34. Kf2 Kf6 35. Kf3 a6 36. Kf4 b5 37. cxb5 axb5 38. b3 c4 39. bxc4
bxc4 40. a4 c3 0-1

[Event "Open International d'Ambès 2010"]
[Site "Ambes"]
[Date "2010.??.??"]
[Round "3.7"]
[White "Tholey, Jean Paul"]
[Black "Pellegrin, Guy"]
[Result "0-1"]
[WhiteElo "1996"]
[BlackElo "1840"]
[PlyCount "90"]
[EventDate "2010.04.??"]
[EventType "swiss"]
[EventRounds "9"]
[EventCountry "FRA"]
[WhiteTeamCountry "FRA"]
[BlackTeamCountry "FRA"]

1. d4 Nf6 2. c4 g6 3. Nc3 d5 4. Nf3 Bg7 5. cxd5 Nxd5 6. e4 Nxc3 7. bxc3 O-O 8.
Be2 c5 9. Rb1 Nc6 10. d5 Ne5 11. Nxe5 Bxe5 12. Qd2 Rb8 13. f4 Bg7 14. c4 Bd7
15. Bb2 Bxb2 16. Rxb2 a6 17. O-O b5 18. Rfb1 b4 19. Qe3 Qb6 20. e5 a5 21. g4 a4
22. Rf1 e6 23. Bd3 exd5 24. f5 dxc4 25. f6 Kh8 26. Qh6 Rg8 27. Bxc4 Rbf8 28.
Rf4 g5 29. Rf3 Bxg4 30. Rg3 Bf5 31. Rbg2 Qd8 32. Be2 Rg6 33. Qh5 Qd4+ 34. Kf1
Qxe5 35. Rxg5 Qf4+ 36. Kg1 Rxg5 37. Rxg5 Qxg5+ 38. Qxg5 Rg8 39. Qxg8+ Kxg8 40.
Bb5 Bb1 41. Bc4 Bc2 42. Kf2 b3 43. axb3 axb3 44. Ke3 b2 45. Ba2 b1=Q 0-1

[Event "Open International d'Ambès 2010"]
[Site "Ambes"]
[Date "2010.??.??"]
[Round "7.11"]
[White "Tholey, Jean Paul"]
[Black "Perez, Patrick"]
[Result "0-1"]
[WhiteElo "1996"]
[BlackElo "1801"]
[PlyCount "98"]
[EventDate "2010.04.??"]
[EventType "swiss"]
[EventRounds "9"]
[EventCountry "FRA"]
[WhiteTeamCountry "FRA"]
[BlackTeamCountry "FRA"]

1. d4 g6 2. c4 Bg7 3. Nc3 d6 4. e4 e6 5. Be3 Nd7 6. Qd2 a6 7. Nge2 h6 8. Nc1
Ne7 9. Be2 c5 10. Nb3 b6 11. O-O Bb7 12. Rfd1 Qc7 13. Rac1 Qd8 14. f3 Qc7 15.
Rc2 Qd8 16. Qc1 Qc7 17. Rcd2 Bc8 18. Bf1 O-O 19. Ne2 Kh7 20. g3 Re8 21. Bg2 Rb8
22. dxc5 dxc5 23. Bf4 e5 24. Be3 Nf8 25. Nc3 Nc6 26. Nd5 Qa7 27. h3 Ne6 28. Kh2
Ncd4 29. Qc3 Nxb3 30. axb3 a5 31. Qc1 Nd4 32. Bxd4 exd4 33. f4 f6 34. Qc2 Qf7
35. Re1 Kh8 36. Bf1 f5 37. Bd3 Be6 38. exf5 Bxd5 39. fxg6 Rxe1 40. cxd5 Qxd5
41. Rg2 Rbe8 42. Bc4 Qe4 43. Qxe4 R8xe4 44. Rf2 R4e3 45. f5 Bf6 46. Kg2 d3 47.
Rd2 R3e2+ 48. Rxe2 Rxe2+ 49. Kf3 Rxb2 0-1

[Event "Mulhouse 2010 - IM"]
[Site "Mulhouse"]
[Date "2010.??.??"]
[Round "8.4"]
[White "Tiemann, Christoph"]
[Black "Bensdorp, Marlies"]
[Result "1/2-1/2"]
[WhiteElo "2281"]
[BlackElo "2309"]
[PlyCount "53"]
[EventDate "2010.07.??"]
[EventType "tourn"]
[EventCountry "FRA"]
[EventCategory "4"]
[WhiteTeamCountry "FRA"]
[BlackTeamCountry "FRA"]

1. d4 d5 2. c4 c6 3. Nf3 Nf6 4. Nc3 e6 5. Bg5 Nbd7 6. e3 Qa5 7. Nd2 Bb4 8. Qc2
c5 9. Nb3 Qa4 10. Bxf6 Nxf6 11. dxc5 Ne4 12. cxd5 exd5 13. Bd3 Bxc3+ 14. bxc3
O-O 15. O-O Be6 16. f3 Nf6 17. f4 Rfe8 18. f5 Bd7 19. Rf4 Qa3 20. Kf2 a5 21.
Qc1 Qxc1 22. Rxc1 a4 23. Nd2 Ra5 24. Bc2 Bc6 25. c4 Rxc5 26. cxd5 Bxd5 27. Rxa4
1/2-1/2

[Event "Mulhouse 2010 - IM"]
[Site "Mulhouse"]
[Date "2010.??.??"]
[Round "1.2"]
[White "Tiemann, Christoph"]
[Black "Genov, Petar"]
[Result "1/2-1/2"]
[WhiteElo "2281"]
[BlackElo "2438"]
[PlyCount "30"]
[EventDate "2010.07.??"]
[EventType "tourn"]
[EventCountry "FRA"]
[EventCategory "4"]
[WhiteTeamCountry "FRA"]
[BlackTeamCountry "FRA"]

1. d4 Nf6 2. c4 e6 3. Nc3 Bb4 4. Qc2 c5 5. dxc5 Qc7 6. Nf3 Qxc5 7. g3 a6 8. Bg2
Qe7 9. Bf4 d6 10. O-O Nbd7 11. Rfd1 O-O 12. Nd2 Nh5 13. Be3 Rb8 14. Nce4 b6 15.
Rdc1 Ne5 1/2-1/2

[Event "Mulhouse 2010 - IM"]
[Site "Mulhouse"]
[Date "2010.??.??"]
[Round "4.6"]
[White "Tiemann, Christoph"]
[Black "Genzling, Alain"]
[Result "1/2-1/2"]
[WhiteElo "2281"]
[BlackElo "2405"]
[PlyCount "44"]
[EventDate "2010.07.??"]
[EventType "tourn"]
[EventCountry "FRA"]
[EventCategory "4"]
[WhiteTeamCountry "FRA"]
[BlackTeamCountry "FRA"]

1. d4 Nf6 2. c4 e6 3. Nc3 Bb4 4. Qc2 Nc6 5. Nf3 d6 6. Bd2 O-O 7. a3 Bxc3 8.
Bxc3 Qe7 9. e3 a5 10. Be2 a4 11. O-O e5 12. dxe5 dxe5 13. Rfd1 Bg4 14. h3 Bh5
15. Nxe5 Nxe5 16. Bxh5 Nxh5 17. Bxe5 f5 18. Bh2 f4 19. exf4 Nxf4 20. Bxf4 Rxf4
21. Rd2 Qc5 22. Rc1 Raf8 1/2-1/2

[Event "Mulhouse 2010 - IM"]
[Site "Mulhouse"]
[Date "2010.??.??"]
[Round "6.5"]
[White "Tiemann, Christoph"]
[Black "Hassler, Franck"]
[Result "1/2-1/2"]
[WhiteElo "2281"]
[BlackElo "2213"]
[PlyCount "149"]
[EventDate "2010.07.??"]
[EventType "tourn"]
[EventCountry "FRA"]
[EventCategory "4"]
[WhiteTeamCountry "FRA"]
[BlackTeamCountry "FRA"]

1. d4 Nf6 2. c4 g6 3. Nc3 Bg7 4. e4 O-O 5. Nf3 d6 6. Be2 e5 7. O-O Nc6 8. d5
Ne7 9. Ne1 Ne8 10. Be3 f5 11. f3 f4 12. Bf2 g5 13. a4 h5 14. a5 Rf7 15. b4 Bf8
16. c5 Rg7 17. cxd6 Nxd6 18. Nd3 Ng6 19. Nc5 Ne8 20. Ne6 Bxe6 21. dxe6 Qxd1 22.
Rfxd1 Bxb4 23. Nd5 Bd6 24. Rab1 b6 25. Bb5 Kf8 26. axb6 axb6 27. Nxb6 Rd8 28.
Nd5 h4 29. h3 Ne7 30. Bd7 Nxd5 31. exd5 Nf6 32. Bc6 Ke7 33. Rb7 Rgg8 34. Bb6
Rc8 35. Ra1 Kd8 36. Bf2 Rg7 37. Kf1 Rg8 38. Raa7 Rg7 39. Bb6 Re7 40. Bf2 Rh7
41. Ra4 Ke7 42. Ke2 Rhh8 43. Raa7 Rb8 44. Bb6 Rxb7 45. Rxb7 Rc8 46. Kd3 Kd8 47.
Ba7 Ke7 48. Rb2 Nh5 49. Re2 Rf8 50. Kc4 Ng3 51. Re1 Nf5 52. Kb5 Nd4+ 53. Bxd4
exd4 54. Bb7 Rb8 55. Kc6 Rf8 56. Re4 d3 57. Rd4 Rd8 58. Rxd3 Be5 59. Rb3 Bd6
60. Rb5 Rh8 61. Ra5 Rf8 62. Kb5 Rb8 63. Ka6 Kf6 64. Ka7 Rf8 65. Bc6 Ke7 66. Rb5
Rh8 67. Ka6 Rf8 68. Ka5 Rh8 69. Ka4 Rf8 70. Kb3 Rh8 71. Kc4 Rf8 72. Kd4 Rh8 73.
Ke4 Rf8 74. Rb7 Kf6 75. Rb2 1/2-1/2

[Event "Mulhouse 2010 - IM"]
[Site "Mulhouse"]
[Date "2010.??.??"]
[Round "3.1"]
[White "Tiemann, Christoph"]
[Black "Lerch, Patrice"]
[Result "0-1"]
[WhiteElo "2281"]
[BlackElo "2334"]
[PlyCount "70"]
[EventDate "2010.07.??"]
[EventType "tourn"]
[EventCountry "FRA"]
[EventCategory "4"]
[WhiteTeamCountry "FRA"]
[BlackTeamCountry "FRA"]

1. d4 Nf6 2. c4 e6 3. Nc3 Bb4 4. Qc2 c5 5. dxc5 O-O 6. a3 Bxc5 7. Nf3 b6 8. Bf4
Bb7 9. Rd1 Nh5 10. Ng5 g6 11. Bc1 Nc6 12. Nf3 Be7 13. Bh6 Re8 14. e4 Rc8 15.
Be2 Na5 16. Ne5 d6 17. b4 Bf6 18. Nxf7 Kxf7 19. bxa5 Ba6 20. Qb3 Be5 21. O-O
Qf6 22. Nb5 Nf4 23. Bxf4 Qxf4 24. g3 Qxe4 25. Bf3 Qxc4 26. Qxc4 Rxc4 27. Nxd6+
Bxd6 28. Rxd6 Rc3 29. Bc6 Rc8 30. Rd7+ Kf6 31. Bb7 Bxf1 32. Kxf1 R8c7 33. axb6
axb6 34. Rxc7 Rxc7 35. Be4 Ra7 0-1

[Event "Condom op 10th"]
[Site "Condom"]
[Date "2010.??.??"]
[Round "9.24"]
[White "Toullec, Renan"]
[Black "Moreau, Emilien"]
[Result "0-1"]
[WhiteElo "1705"]
[BlackElo "1887"]
[PlyCount "50"]
[EventDate "2010.07.??"]
[EventType "swiss"]
[EventRounds "9"]
[EventCountry "FRA"]
[WhiteTeamCountry "FRA"]
[BlackTeamCountry "FRA"]

1. e4 c5 2. d4 cxd4 3. c3 dxc3 4. Nxc3 e6 5. Nf3 a6 6. Bc4 b5 7. Bb3 Bb7 8. Qc2
d6 9. O-O Nd7 10. a3 Ngf6 11. Bf4 Nc5 12. Rfe1 Nxb3 13. Qxb3 Be7 14. Rad1 Qb6
15. h3 O-O 16. e5 Bxf3 17. gxf3 dxe5 18. Bxe5 Rfd8 19. Rc1 Nd7 20. Nd5 exd5 21.
Bc7 Qg6+ 22. Kh2 Re8 23. Qxd5 Nf6 24. Qc6 Nh5 25. Qb7 Bf8 0-1

[Event "GMI w Condom 2010"]
[Site "Condom"]
[Date "2010.??.??"]
[Round "6.1"]
[White "Tournier, Mathieu"]
[Black "Bissieres, Mathieu"]
[Result "1/2-1/2"]
[WhiteElo "2281"]
[BlackElo "2344"]
[PlyCount "49"]
[EventDate "2010.07.??"]
[EventType "tourn"]
[EventCountry "FRA"]
[WhiteTeamCountry "FRA"]
[BlackTeamCountry "FRA"]

1. e4 e6 2. d4 d5 3. Nc3 Bb4 4. Nge2 dxe4 5. a3 Be7 6. Nxe4 Nf6 7. Qd3 Nxe4 8.
Qxe4 Nd7 9. g3 Nf6 10. Qf3 Qd5 11. Bg2 Bd7 12. Nf4 Qxf3 13. Bxf3 O-O-O 14. O-O
Bb5 15. Rd1 g5 16. Ne2 g4 17. Nc3 Ba6 18. Bg2 h5 19. Bg5 Nd5 20. Bxe7 Nxe7 21.
Ne4 b6 22. Ng5 Rdf8 23. a4 h4 24. a5 Bb7 25. axb6 1/2-1/2

[Event "GMI w Condom 2010"]
[Site "Condom"]
[Date "2010.??.??"]
[Round "8.1"]
[White "Tournier, Mathieu"]
[Black "Guichard, Pauline"]
[Result "0-1"]
[WhiteElo "2281"]
[BlackElo "2320"]
[PlyCount "118"]
[EventDate "2010.07.??"]
[EventType "tourn"]
[EventCountry "FRA"]
[WhiteTeamCountry "FRA"]
[BlackTeamCountry "FRA"]

1. e4 c5 2. Nc3 e6 3. g3 d5 4. Bg2 Nf6 5. Nh3 dxe4 6. Ng5 Be7 7. Ngxe4 O-O 8.
O-O Nd5 9. b3 b6 10. Bb2 Nc6 11. Ne2 Bb7 12. a3 f5 13. N4c3 Bf6 14. Re1 Qd7 15.
Qc1 Nd4 16. Nxd5 Nxe2+ 17. Rxe2 Bxd5 18. Bxd5 Qxd5 19. f4 Bd4+ 20. Bxd4 Qxd4+
21. Re3 g5 22. c3 Qd6 23. Qe1 Rae8 24. fxg5 f4 25. gxf4 Rxf4 26. Qg3 Ref8 27.
Rae1 Qxd2 28. Rd3 Qc2 29. g6 h5 30. g7 Rg4 31. gxf8=Q+ Kxf8 32. Rf3+ Ke7 33. b4
Rxg3+ 34. hxg3 Qb3 35. Rfe3 Kd7 36. bxc5 bxc5 37. a4 Qxa4 38. Rxe6 Qg4 39. R6e3
h4 40. Kh2 a5 41. gxh4 Qxh4+ 42. Kg2 a4 43. Rc1 Qg4+ 44. Kf2 Qf4+ 45. Ke2 a3
46. c4 a2 47. Rd3+ Kc6 48. Rdd1 Qe5+ 49. Kd3 Qb2 50. Ke3 Kb6 51. Ke4 Ka5 52.
Kd5 Kb4 53. Ra1 Qg2+ 54. Kd6 Qg6+ 55. Kd5 Qf7+ 56. Kc6 Qe6+ 57. Kc7 Qxc4 58.
Rd2 Qf4+ 59. Rd6 Kb3 0-1

[Event "GMI w Condom 2010"]
[Site "Condom"]
[Date "2010.??.??"]
[Round "2.1"]
[White "Tournier, Mathieu"]
[Black "Rubio Mejia, Luis Ignacio"]
[Result "0-1"]
[WhiteElo "2281"]
[BlackElo "2354"]
[PlyCount "92"]
[EventDate "2010.07.??"]
[EventType "tourn"]
[EventCountry "FRA"]
[WhiteTeamCountry "FRA"]
[BlackTeamCountry "FRA"]

1. e4 c5 2. c3 Nf6 3. e5 Nd5 4. d4 cxd4 5. Nf3 e6 6. cxd4 d6 7. Bc4 Nb6 8. Bd3
Bd7 9. O-O Bc6 10. Nc3 N8d7 11. Qe2 Be7 12. a4 a6 13. Re1 Nd5 14. exd6 Bxd6 15.
Ng5 N7f6 16. Nce4 Nxe4 17. Bxe4 Nf6 18. Bxc6+ bxc6 19. Qc4 Qc7 20. Nf3 O-O 21.
Bg5 Nd5 22. Rac1 Rfc8 23. Bd2 Qb7 24. Qc2 h6 25. Ne5 c5 26. Nc4 cxd4 27. Qe4
Bc5 28. Qg4 Nf6 29. Qh4 Qe7 30. Qg3 Bb4 31. Qd3 Bxd2 32. Qxd2 Rd8 33. Ne5 Rd5
34. Qd3 Qb7 35. b3 Rc8 36. Rc4 Rxc4 37. bxc4 Rd8 38. Kf1 Qc7 39. f4 Nd7 40. g3
Nxe5 41. Rxe5 Qc6 42. Kf2 Qxa4 43. Re4 Qc6 44. Rxd4 Qc5 45. Ke3 f6 46. Ke4 f5+
0-1

[Event "Open International d'Ambès 2010"]
[Site "Ambes"]
[Date "2010.??.??"]
[Round "3.23"]
[White "Trolonge, Remi"]
[Black "Dubertrand, Bernard"]
[Result "1-0"]
[WhiteElo "1686"]
[BlackElo "1647"]
[PlyCount "87"]
[EventDate "2010.04.??"]
[EventType "swiss"]
[EventRounds "9"]
[EventCountry "FRA"]
[WhiteTeamCountry "FRA"]
[BlackTeamCountry "FRA"]

1. d4 e5 2. dxe5 Nc6 3. Nf3 Qe7 4. Bf4 Qb4+ 5. Bd2 Qxb2 6. Nc3 Nb4 7. Rc1 Nxa2
8. Nxa2 Qxa2 9. e3 Bc5 10. Bd3 Ne7 11. O-O Qa4 12. Qe2 O-O 13. e4 a6 14. Bc4
Qc6 15. Rfd1 b5 16. Bb3 a5 17. Bg5 Qb6 18. Rb1 c6 19. Ne1 Ng6 20. Nd3 Bd4 21.
Qh5 c5 22. Bd2 Qa7 23. Bd5 Rb8 24. c3 c4 25. cxd4 cxd3 26. Be3 b4 27. Rxd3 a4
28. Qd1 Ba6 29. Rd2 Ne7 30. Qxa4 Nxd5 31. exd5 Qb7 32. Qb3 Rfc8 33. Rdb2 Rc4
34. d6 Qc6 35. Ra1 Bb7 36. f3 Rc3 37. Qxb4 Rxe3 38. Qxb7 Qxb7 39. Rxb7 Rd8 40.
Rxd7 Rb8 41. Rd1 f6 42. Kf2 Rbb3 43. Rc7 Kf8 44. Rcc1 1-0

[Event "Open International d'Ambès 2010"]
[Site "Ambes"]
[Date "2010.??.??"]
[Round "7.16"]
[White "Trolonge, Remi"]
[Black "L'Hospital, Philippe"]
[Result "1-0"]
[WhiteElo "1686"]
[BlackElo "1891"]
[PlyCount "61"]
[EventDate "2010.04.??"]
[EventType "swiss"]
[EventRounds "9"]
[EventCountry "FRA"]
[WhiteTeamCountry "FRA"]
[BlackTeamCountry "FRA"]

1. g3 d5 2. Bg2 Nf6 3. c4 c6 4. cxd5 cxd5 5. Nf3 Nbd7 6. O-O e6 7. d3 Be7 8.
Nc3 O-O 9. Bd2 a6 10. Rc1 b5 11. a3 Bb7 12. b4 Re8 13. e3 Qb6 14. Qb3 Qd6 15.
Rc2 Nb6 16. Rfc1 Rad8 17. Ne2 e5 18. Bc3 Nfd7 19. Nd2 Bf6 20. Ba1 Nf8 21. e4
Ne6 22. Nf1 Bg5 23. Re1 d4 24. Bb2 Rc8 25. Rxc8 Bxc8 26. Bc1 Be7 27. f4 Nd7 28.
Bd2 Kf8 29. Rc1 f6 30. Bh3 Nd8 31. Rxc8 1-0

[Event "Open International d'Ambès 2010"]
[Site "Ambes"]
[Date "2010.??.??"]
[Round "5.9"]
[White "Trolonge, Remi"]
[Black "Ternault, Mathieu"]
[Result "1/2-1/2"]
[WhiteElo "1686"]
[BlackElo "1994"]
[PlyCount "101"]
[EventDate "2010.04.??"]
[EventType "swiss"]
[EventRounds "9"]
[EventCountry "FRA"]
[WhiteTeamCountry "FRA"]
[BlackTeamCountry "FRA"]

1. g3 d5 2. Bg2 Nf6 3. c4 e6 4. cxd5 exd5 5. Nf3 c6 6. O-O Bd6 7. d3 O-O 8.
Nbd2 Re8 9. Re1 Qb6 10. Qb3 Bc5 11. Qxb6 Bxb6 12. e3 Na6 13. Nb3 Bf5 14. Rd1
Nb4 15. Ne1 Bg4 16. Bf3 Bxf3 17. Nxf3 c5 18. a3 Nc6 19. Bd2 c4 20. dxc4 dxc4
21. Nc1 Ne4 22. Ne2 Rac8 23. Rac1 Na5 24. Ned4 Nb3 25. Nxb3 cxb3 26. Be1 h6 27.
Nd2 Nxd2 28. Bxd2 Red8 29. Rxc8 Rxc8 30. Bc3 Bc5 31. Rd3 Rc6 32. Kf1 Rb6 33.
Ke2 Bxa3 34. bxa3 b2 35. Bxb2 Rxb2+ 36. Kf3 Kh7 37. Rd7 Kg6 38. h4 Kf6 39. Rc7
Ke6 40. Kg2 g6 41. g4 a5 42. Kf3 b5 43. Rb7 a4 44. h5 gxh5 45. gxh5 Kf6 46.
Rb6+ Kg5 47. Rb7 f6 48. Rc7 b4 49. axb4 Rxb4 50. Ra7 Kxh5 51. Ra5+ 1/2-1/2

[Event "Condom op 10th"]
[Site "Condom"]
[Date "2010.??.??"]
[Round "9.35"]
[White "Vainguer, Guillaume"]
[Black "Lecoultre, Patrick"]
[Result "1/2-1/2"]
[WhiteElo "1773"]
[BlackElo "1768"]
[PlyCount "22"]
[EventDate "2010.07.??"]
[EventType "swiss"]
[EventRounds "9"]
[EventCountry "FRA"]
[WhiteTeamCountry "FRA"]
[BlackTeamCountry "FRA"]

1. Nf3 Nf6 2. g3 g6 3. Bg2 Bg7 4. O-O O-O 5. c4 c5 6. Nc3 d6 7. Rb1 Nc6 8. d3
Rb8 9. Ng5 Bf5 10. Nce4 Qd7 11. Re1 h6 1/2-1/2

[Event "Open International d'Ambès 2010"]
[Site "Ambes"]
[Date "2010.??.??"]
[Round "7.12"]
[White "Van Eeckhout, Guy"]
[Black "Babu, Anthony"]
[Result "1/2-1/2"]
[WhiteElo "1725"]
[BlackElo "1919"]
[PlyCount "55"]
[EventDate "2010.04.??"]
[EventType "swiss"]
[EventRounds "9"]
[EventCountry "FRA"]
[WhiteTeamCountry "FRA"]
[BlackTeamCountry "FRA"]

1. d4 d6 2. c4 Nf6 3. Nc3 Bf5 4. e3 Nbd7 5. Bd3 Bxd3 6. Qxd3 e5 7. Nf3 g6 8.
O-O Bg7 9. b3 O-O 10. Bb2 Qe7 11. dxe5 dxe5 12. Qe2 e4 13. Nd2 c6 14. Rad1 Rfe8
15. Ncxe4 Ne5 16. Nxf6+ Bxf6 17. Ba1 Bg7 18. Nf3 Ng4 19. Bxg7 Kxg7 20. Rd3 Qc7
21. Rfd1 Re7 22. h3 Nh6 23. R1d2 Ng8 24. Rd4 Nh6 25. R4d3 Ng8 26. Rd4 Nh6 27.
R4d3 Ng8 28. Rd4 1/2-1/2

[Event "Open International d'Ambès 2010"]
[Site "Ambes"]
[Date "2010.??.??"]
[Round "5.24"]
[White "Van Eeckhout, Guy"]
[Black "Guenin, Pierre"]
[Result "1-0"]
[WhiteElo "1725"]
[BlackElo "1664"]
[PlyCount "90"]
[EventDate "2010.04.??"]
[EventType "swiss"]
[EventRounds "9"]
[EventCountry "FRA"]
[WhiteTeamCountry "FRA"]
[BlackTeamCountry "FRA"]

1. d4 f5 2. c4 Nf6 3. Nc3 g6 4. Bg5 Bg7 5. e3 d6 6. Nf3 c6 7. Bd3 O-O 8. Qc2
Qe8 9. O-O e5 10. dxe5 dxe5 11. e4 f4 12. Qb3 Kh8 13. Rfd1 Nbd7 14. Be2 Nc5 15.
Qc2 Nh5 16. Rd8 Qf7 17. Rxf8+ Qxf8 18. Ne1 Ne6 19. Bxh5 Nxg5 20. Bf3 Be6 21. b3
Bg8 22. Rd1 Ne6 23. Ne2 Rd8 24. Rxd8 Qxd8 25. Qd3 Qe7 26. Nc3 Nd4 27. Qd2 Qd8
28. Kf1 Qh4 29. h3 h6 30. Ne2 c5 31. Nc3 Be6 32. Nd5 Kh7 33. Qa5 g5 34. Kg1 g4
35. hxg4 Bxg4 36. Bxg4 Qxg4 37. Qc7 Qg5 38. Qf7 Ne2+ 39. Kf1 Nd4 40. Ne7 h5 41.
Qg8+ Kh6 42. Qe8 Qf6 43. Ng8+ Kh7 44. Nxf6+ Kh6 45. Nd3 Bxf6 1-0

[Event "Open International d'Ambès 2010"]
[Site "Ambes"]
[Date "2010.??.??"]
[Round "3.21"]
[White "Van Eeckhout, Guy"]
[Black "Maisonnet, Emmanuel"]
[Result "1-0"]
[WhiteElo "1725"]
[BlackElo "1742"]
[PlyCount "43"]
[EventDate "2010.04.??"]
[EventType "swiss"]
[EventRounds "9"]
[EventCountry "FRA"]
[WhiteTeamCountry "FRA"]
[BlackTeamCountry "FRA"]

1. d4 Nf6 2. c4 g6 3. Nc3 Bg7 4. e4 d6 5. Nf3 O-O 6. Be2 c5 7. d5 e6 8. dxe6
Bxe6 9. Bf4 Qb6 10. Qd2 Rd8 11. O-O Na6 12. Rfd1 Bf8 13. Rab1 Nc7 14. Bg5 Be7
15. h3 Re8 16. Qe3 Red8 17. Rd2 Bc8 18. Rbd1 Ne6 19. Bxf6 Bxf6 20. Nd5 Bd4 21.
Nxd4 Nxd4 22. Qh6 1-0

[Event "2eme Open Tarn Nord"]
[Site "Blaye les Mines"]
[Date "2010.??.??"]
[Round "6.5"]
[White "Van Nuvel, Jean Michel"]
[Black "Auge, Jean"]
[Result "1-0"]
[WhiteElo "1828"]
[BlackElo "1941"]
[PlyCount "67"]
[EventDate "2006.??.??"]
[EventType "swiss"]
[EventRounds "7"]
[EventCountry "FRA"]
[WhiteTeamCountry "FRA"]
[BlackTeamCountry "FRA"]

1. d4 f5 2. g3 Nf6 3. Bg2 e6 4. c4 c6 5. Nf3 d5 6. b3 Bb4+ 7. Bd2 Bxd2+ 8.
Nbxd2 O-O 9. O-O Nbd7 10. h4 Ne4 11. Nxe4 fxe4 12. Ng5 Nf6 13. Bh3 Qe7 14. Bg2
e5 15. Nh3 Ng4 16. e3 exd4 17. Qxd4 Qe5 18. Qxe5 Nxe5 19. cxd5 cxd5 20. Nf4
Rxf4 21. gxf4 Nf3+ 22. Bxf3 exf3 23. Rfd1 Be6 24. f5 Bf7 25. Rd4 Rc8 26. Rad1
Kf8 27. e4 dxe4 28. Rd8+ Rxd8 29. Rxd8+ Ke7 30. Rd4 Kf6 31. Rxe4 Bd5 32. Ra4 a6
33. Ra5 Bc6 34. Kh2 1-0

[Event "2eme Open Tarn Nord"]
[Site "Blaye les Mines"]
[Date "2010.??.??"]
[Round "3.11"]
[White "Van Nuvel, Jean Michel"]
[Black "Devals, Nicolas"]
[Result "1-0"]
[WhiteElo "1828"]
[BlackElo "1840"]
[PlyCount "53"]
[EventDate "2006.??.??"]
[EventType "swiss"]
[EventRounds "7"]
[EventCountry "FRA"]
[WhiteTeamCountry "FRA"]
[BlackTeamCountry "FRA"]

1. d4 d5 2. c4 e6 3. Nc3 c6 4. Nf3 Nf6 5. e3 Be7 6. Qc2 O-O 7. Bd3 dxc4 8. Bxc4
b5 9. Bd3 Bb7 10. O-O a6 11. e4 Nbd7 12. e5 Nd5 13. Bxh7+ Kh8 14. Bd3 Nxc3 15.
bxc3 c5 16. Be4 Bxe4 17. Qxe4 cxd4 18. cxd4 Nb6 19. Qg4 Re8 20. Bg5 f6 21. exf6
Bxf6 22. Rfe1 Qe7 23. Qh5+ Kg8 24. Bxf6 gxf6 25. Re4 Qh7 26. Qxh7+ Kxh7 27.
Rae1 1-0

[Event "Condom op 10th"]
[Site "Condom"]
[Date "2010.??.??"]
[Round "4.8"]
[White "Vandervorst, Jean Marc"]
[Black "Bujisho, Benjamin"]
[Result "0-1"]
[WhiteElo "2022"]
[BlackElo "2418"]
[PlyCount "120"]
[EventDate "2010.07.??"]
[EventType "swiss"]
[EventRounds "9"]
[EventCountry "FRA"]
[WhiteTeamCountry "FRA"]
[BlackTeamCountry "FRA"]

1. d4 Nf6 2. Nf3 g6 3. b3 Bg7 4. Bb2 O-O 5. Nbd2 d6 6. c4 Nbd7 7. Qc2 c6 8. e3
Re8 9. Be2 e5 10. dxe5 dxe5 11. O-O e4 12. Nd4 c5 13. Nb5 Re6 14. Rfd1 a6 15.
Nc3 Qe8 16. Nd5 Rc6 17. Rab1 b6 18. Nxf6+ Nxf6 19. Bxf6 Bxf6 20. Qxe4 Bf5 21.
Qxe8+ Rxe8 22. e4 Bc8 23. Bf3 Bd4 24. Nf1 Rc7 25. Rd3 f5 26. Ng3 Rce7 27. e5
Rxe5 28. Kf1 f4 29. Ne2 Bf5 30. Rxd4 cxd4 31. Rd1 d3 32. Nxf4 g5 33. g4 gxf4
34. gxf5 Rxf5 35. Rxd3 Rf6 36. Rd7 a5 37. Rb7 Rh6 38. Bd5+ Kh8 39. Kg2 Re2 40.
Rf7 Rg6+ 41. Kf3 Rxa2 42. Rxf4 Rb2 43. c5 bxc5 44. h4 Rd6 45. Bc4 Rd4 46. Rf8+
Kg7 47. Rf7+ Kh6 48. Rf6+ Kh5 49. Rf5+ Kxh4 50. Bf7 Rd3+ 51. Kg2 Rg3+ 52. Kf1
Rg7 53. Bc4 Rg5 54. Rf7 h5 55. Rf4+ Rg4 56. Rf5 Rb1+ 57. Ke2 Rg5 58. Rf4+ Kh3
59. Be6+ Kg2 60. Bc4 Rb2+ 0-1

[Event "LUCOPEN 01st Op"]
[Site "Lille"]
[Date "2010.??.??"]
[Round "4.43"]
[White "Vanroose, Sibran"]
[Black "Feys, Bert"]
[Result "0-1"]
[WhiteElo "1430"]
[BlackElo "1940"]
[PlyCount "62"]
[EventDate "2010.04.??"]
[EventType "swiss"]
[EventRounds "7"]
[EventCountry "FRA"]
[WhiteTeamCountry "FRA"]
[BlackTeamCountry "FRA"]

1. e4 e6 2. d4 d5 3. Nd2 Be7 4. Bd3 c5 5. c3 Nc6 6. e5 Qb6 7. Ndf3 Bd7 8. Ne2
f6 9. Qc2 f5 10. b3 cxd4 11. Nexd4 Rc8 12. O-O Nxd4 13. Nxd4 Qc7 14. Nb5 Qxe5
15. Nxa7 Ra8 16. Nb5 Nf6 17. Bb2 O-O 18. Rfe1 Qf4 19. g3 Qh6 20. Nc7 Ng4 21. f3
Bc5+ 22. Kh1 Nf2+ 23. Kg2 Qh3+ 24. Kg1 Nxd3+ 25. Kh1 Nxe1 26. Rxe1 Rxa2 27. Qb1
Rxb2 28. Qxb2 Bd6 29. Nxd5 exd5 30. Qd2 Bc6 31. c4 dxc4 0-1

[Event "Condom op 10th"]
[Site "Condom"]
[Date "2010.??.??"]
[Round "9.6"]
[White "Velten, Paul"]
[Black "Preux, Paul Olivier"]
[Result "1-0"]
[WhiteElo "2222"]
[BlackElo "2301"]
[PlyCount "49"]
[EventDate "2010.07.??"]
[EventType "swiss"]
[EventRounds "9"]
[EventCountry "FRA"]
[WhiteTeamCountry "FRA"]
[BlackTeamCountry "FRA"]

1. d4 Nf6 2. Nf3 g6 3. c4 c5 4. Nc3 cxd4 5. Nxd4 Bg7 6. e4 O-O 7. Be2 d6 8. Be3
Nc6 9. h3 Bd7 10. O-O Qa5 11. Qc2 Rfc8 12. Rad1 Rab8 13. Nb3 Qe5 14. f4 Qe6 15.
Nd4 Nxd4 16. Bxd4 Bc6 17. e5 dxe5 18. fxe5 Nd7 19. Bg4 Qxc4 20. b3 Qb4 21. a3
Qxa3 22. e6 Bxd4+ 23. Rxd4 Qc5 24. Qf2 Nf6 25. Rd8+ 1-0

[Event "Condom op 10th"]
[Site "Condom"]
[Date "2010.??.??"]
[Round "4.6"]
[White "Velten, Paul"]
[Black "Samolins, Vitalijs"]
[Result "0-1"]
[WhiteElo "2222"]
[BlackElo "2408"]
[PlyCount "40"]
[EventDate "2010.07.??"]
[EventType "swiss"]
[EventRounds "9"]
[EventCountry "FRA"]
[WhiteTeamCountry "FRA"]
[BlackTeamCountry "FRA"]

1. d4 f5 2. Bg5 g6 3. e3 Bg7 4. Nf3 Nf6 5. c4 d6 6. Nc3 c6 7. Bd3 Qc7 8. e4 O-O
9. Qd2 fxe4 10. Nxe4 Bg4 11. O-O-O Nbd7 12. Kb1 Nxe4 13. Bxe4 e5 14. Rde1 Rae8
15. dxe5 Bxf3 16. gxf3 Nxe5 17. h4 Nxc4 18. Qc2 d5 19. h5 Qe5 20. hxg6 Na3+ 0-1